Politická psychologie

Guardado en:
Detalles Bibliográficos
Autor principal: Krejčí, Oskar
Formato: Libro
Lenguaje:checo
Publicado: Praha Ekopress 2004
Materias:
Etiquetas: Agregar Etiqueta
Sin Etiquetas, Sea el primero en etiquetar este registro!

MARC

LEADER 00000nam$a2200000$$$4500
001 0019377
005 20240306141608.4
020 |a 80-86119-84-X 
041 0 |a cze 
044 |a CZ 
245 1 0 |a Politická psychologie  |c Oskar Krejčí 
264 1 |a Praha  |b Ekopress  |c 2004 
300 |a 319 s. 
610 2 0 |a politológia 
610 2 0 |a psychológia 
610 2 0 |a politika 
610 2 0 |a osobnosť 
610 2 0 |a ideológia 
610 2 0 |a svetonázor 
100 1 |a Krejčí, Oskar